000 01763nam0a2200325 4500
001 RU\NLR\BIBL_A\011744064
005 20180712104810.0
021 _aRU
_bКН-П-18-041597
_9КН-П-18-2999
035 _a(NLR Aleph) 011744064
035 _a(RuMoRGB)009653710
090 _a11592860
_c11592860
100 _a20180705d2018 u y0rusy50 ca
101 0 _arus
102 _aRU
105 _aac||zzzz000zy
200 1 _a"Золотое кольцо" Ленобласти
_eпутеводитель от Удельной до Выборга по Выборгскому направлению железной дороги
_fМежрегиональная общественная организация "Международный фонд краеведов", Редакция информационного историко-краеведческого бюллетеня "Русский краевед"
_gавтор-составитель: Сергей Сковпнев
210 _aСанкт-Петербург
_c[б. и.]
_d2018
215 _a48 с.
_cил., портр.
_d21
300 _aИздано на средства авт.
607 _aЛенинградская область
_jПутеводители
_xИстория
_91007311
_3RU\NLR\AUTH\66382981
686 _aТ3(2Р-4Ле-2)я23
_2rubbk
686 _aН0(2Р=Р)99Ленинградская обл.я23
_2rubbk
686 1 _aТ3(2Р-4Ле)я23
702 1 _aСковпнев
_bС. Л.
_f1972-
_gСергей Леонидович
_4220
711 0 2 _aОктябрьская железная дорога
_9514989
_3RU\NLR\AUTH\8810008618
942 _cBOOK
980 _aNB